特別料金不要列車の種別・行先(近畿日本鉄道版) - Statistics

General Stats
  • This quiz has been taken 85 times
  • The average score is 127 of 196
Answer Stats
路線 種別
行先
乗り入れ先 % Correct
普通 生駒
83%
A 難波線 奈良線 普通尼崎 阪神なんば線(阪神)
83%
普通大和西大寺
83%
普通生駒
83%
普通 学研奈良登美ヶ丘
81%
普通大阪難波
81%
準急大阪難波
80%
快速急行神戸三宮 阪神なんば線(阪神)本線(阪神)
80%
普通京都
80%
普通橿原神宮前
80%
急行橿原神宮前
80%
普通大和八木
80%
普通伊勢中川
80%
E名古屋線 普通近鉄名古屋
80%
普通近鉄奈良
78%
急行京都 京都線 | 橿原線京都線
78%
急行近鉄奈良
78%
快速急行大阪難波
78%
快速急行近鉄奈良
78%
普通天理 天理線
78%
D大阪線 普通大阪上本町
78%
急行宇治山田 山田線
78%
Cけいはんな線 普通 夢洲 中央線(地下鉄)
76%
普通 コスモスクエア 中央線(地下鉄)
76%
K湯の山線 普通 近鉄四日市
76%
急行大阪難波
76%
急行大和西大寺
76%
急行名張
76%
急行伊勢中川
76%
普通近鉄四日市
76%
M山田線 鳥羽線 志摩線 普通 名張 大阪線
74%
普通東花園
74%
急行国際会館 京都線烏丸線(地下鉄) | 烏丸線(地下鉄)
74%
普通高安
74%
普通名張
74%
急行五十鈴川 山田線鳥羽線
74%
普通宇治山田
74%
準急尼崎 阪神なんば線(阪神)
72%
準急近鉄奈良
72%
B京都線 橿原線 普通国際会館 烏丸線(地下鉄)
72%
準急近鉄名古屋
72%
F南大阪線 吉野線 | O長野線 普通大阪阿部野橋
72%
普通吉野
72%
G 生駒線 普通 王寺
70%
普通 西田原本
70%
準急大和西大寺
70%
普通五位堂
70%
急行大阪上本町
70%
D大阪線 快速急行宇治山田 山田線
70%
普通桑名
70%
普通津新町
70%
普通河内長野 長野線
70%
普通 湯の山温泉
69%
普通 鳥羽
69%
普通新田辺 京都線 | 橿原線京都線
69%
区間準急近鉄奈良
69%
急行天理 橿原線天理線
69%
快速急行尼崎 阪神なんば線(阪神)
69%
快速急行大和西大寺
69%
急行大和八木
69%
急行松阪 山田線
69%
快速急行大阪上本町
69%
快速急行鳥羽 山田線鳥羽線
69%
区間準急尼崎 阪神なんば線(阪神)
67%
区間準急大阪難波
67%
区間準急大和西大寺
67%
準急大阪上本町
67%
快速急行松阪 山田線
67%
普通賢島 山田線鳥羽線 志摩線
67%
準急近鉄四日市
67%
急行近鉄名古屋
67%
急行鳥羽 山田線鳥羽線
67%
急行大阪阿部野橋
67%
急行吉野
67%
I田原本線 普通 新王寺
65%
普通石切
65%
急行青山町
65%
快速急行名張
65%
普通青山町
63%
快速急行青山町
63%
快速急行五十鈴川 山田線鳥羽線
63%
急行近鉄四日市
63%
急行津新町
63%
普通 五十鈴川
61%
普通大和朝倉
61%
普通榛原
61%
普通東青山
61%
準急河内長野 長野線
61%
準急橿原神宮前
61%
急行河内長野 長野線
61%
L鈴鹿線 普通 伊勢若松
59%
準急京都
59%
普通信貴山口
59%
普通富吉
59%
普通藤井寺
59%
準急大阪阿部野橋
59%
N道明寺線 普通道明寺
59%
準急大和朝倉
57%
準急富吉
57%
普通近鉄御所 御所線
57%
普通 平田町
56%
普通東生駒
56%
準急名張
56%
J信貴線 普通河内山本
56%
普通尺土
56%
普通近鉄宮津
54%
区間準急大阪上本町
54%
準急高安
54%
準急五位堂
54%
普通古市
54%
準急富田林 長野線
54%
普通柏原
54%
急行新田辺
52%
普通平端
52%
普通河内国分
52%
区間準急大和朝倉
52%
準急榛原
52%
急行富田林 長野線
52%
普通富田林
52%
急行近鉄宮津
50%
区間準急五位堂
50%
区間準急榛原
48%
区間準急名張
48%
普通塩浜
48%
普通吉野口
48%
準急吉野
48%
準急新田辺
46%
急行平田町 鈴鹿線
46%
区間急行大阪阿部野橋
46%
区間急行橿原神宮前
44%
急行古市
44%
普通明星 山田線
43%
普通六田
41%
準急近鉄御所 御所線
41%
準急古市
39%
普通 東山
37%
普通白塚
37%
普通生駒山上
37%
普通壺阪山
33%
普通高安山
31%
Y生駒鋼索線 普通鳥居前
30%
普通宝山寺
28%
No matching quizzes found
Score Distribution
Percent of People with Each Score
Percentile by Number Answered
Your Score History
You have not taken this quiz